| Tag |
First Indicator |
Second Indicator |
Subfields |
| LEADER |
00000cam a22000001 4500 |
| 001 |
in00000042054 |
| 005 |
20151007070721.0 |
| 008 |
800531s1917 coua 000 0 eng |
| 010 |
|
|
|a 18011722
|
| 035 |
|
|
|a (OCoLC)ocm06375235
|
| 035 |
|
|
|a (OCoLC)06375235
|
| 035 |
|
|
|9 AAE4573AM
|
| 035 |
|
|
|a (OCoLC)6375235
|
| 040 |
|
|
|a DLC
|b eng
|c TXA
|d DLC
|d OCLCQ
|d MEUBL
|d TXA
|d UtOrBLW
|
| 043 |
|
|
|a n-us-co
|
| 049 |
|
|
|a TXAM
|
| 050 |
0 |
0 |
|a TN210
|b .C68 vol. XII
|
| 051 |
|
|
|a QE91
|b .Z5
|
| 082 |
0 |
4 |
|a 557.88
|b Z62
|
| 100 |
1 |
|
|a Ziegler, Victor,
|d 1886-
|
| 245 |
1 |
0 |
|a Foothills structure in northern Colorado /
|c by Victor Ziegler.
|
| 264 |
|
1 |
|a [Golden, Colo.] :
|b [Transcript Ptg. Co.],
|c [1917]
|
| 300 |
|
|
|a 39 pages :
|b illustrations, diagrams
|
| 336 |
|
|
|a text
|b txt
|2 rdacontent
|
| 337 |
|
|
|a unmediated
|b n
|2 rdamedia
|
| 338 |
|
|
|a volume
|b nc
|2 rdacarrier
|
| 490 |
1 |
|
|a Colorado School of Mines, Quarterly,
|v v. XII, no. 2
|
| 500 |
|
|
|a The author's doctoral dissertation, University of Denver, but not published as a thesis.
|
| 500 |
|
|
|a Caption title.
|
| 650 |
|
0 |
|a Geology
|z Colorado.
|
| 650 |
|
0 |
|a Foothills.
|
| 810 |
2 |
|
|a Colorado School of Mines.
|t Quarterly ;
|v v. 12, no. 2.
|
| 994 |
|
|
|a C0
|b TXA
|
| 999 |
|
|
|a MARS
|
| 999 |
f |
f |
|s 9e8599bf-dc9b-33ee-b059-ed6014c804ef
|i abb4c7bd-4c5b-3b39-9ed3-a733c5f3f7e1
|t 0
|
| 952 |
f |
f |
|p normal
|a Texas A&M University
|b College Station
|c Sterling C. Evans Library
|d Evans: Library Stacks
|t 0
|e TN210 .C68 v. 12, no. 2
|h Library of Congress classification
|i unmediated -- volume
|m A14805570099
|
| 952 |
f |
f |
|p normal
|a Texas A&M University
|b College Station
|c Sterling C. Evans Library
|d Evans: Library Stacks
|t 0
|e TN210 .C68 v.12, no.1-4
|h Library of Congress classification
|i unmediated -- volume
|m A14841762355
|
| 998 |
f |
f |
|a TN210 .C68 v.12, no.1-4
|t 0
|l Evans: Library Stacks
|
| 998 |
f |
f |
|a TN210 .C68 v. 12, no. 2
|t 0
|l Evans: Library Stacks
|